000 00813nas a2200265 4500
001 BR6600451
003 BR-BrBNA
005 20231205082233.0
007 ta
008 230509b bl.|||p| |||| 00| 00por d
040 _aBR-BrBNA
_bpor
_cBiblioteca Nacional de Agricultura
041 _a(Pt)
072 _aH20
100 1 _aTokeshi, H.
100 1 _aGalli, F.
245 1 _aVariabilidade de Fusarium oxysporum f. lycopersici (wr)Sny e Hans em Sao Paulo [Brasil]
650 _aMURCHA DE FUSARIUM
650 _aLINHAGEM
650 _aVARIEDADE RESISTENTE
650 _aTOMATE
650 _aSAO PAULO
773 0 _tAnais da Escola Superior de Agricultura Luiz de Queiroz (Brazil)
_xISSN 0071-1276
_g(1966), v. 23 p. 195-209
_wBR6600451
909 _a202311
_bLúcia
_c55
_dLúcia Elande
942 _2AGRIS
_n0
_cANA
999 _c90205
_d90205